O Capuchino Vermelho (Registo nº 4341)

Detalhes MARC
000 -Etiqueta do registo
Cabeçalho 00414nam a2200181 4500
005 - Identificador da versão
Campo de controlo 20240813122058.0
010 ## - Número internacional normalizado dos livros (ISBN)
Número (ISBN) 9722212095
021 ## - Número do Depósito Legal
Código do país PT
Número 28 768/89
100 ## - Dados gerais de processamento
Dados gerais de processamento 20110323d1989 c y0pory5003 ba
102 ## - Pais de publicação ou produção
País de publicação Portugal
101 0# - Língua de publicação
Língua do texto, banda sonora, etc. Português
200 1# - Titulo e menção de responsabilidade
Título próprio O Capuchino Vermelho
Primeira menção de responsabilidade il. Sylvie Rainaud
225 1# - Colecção 
Título próprio da colecção contos em imagens
210 ## - Publicação, Distribuição, etc. 
Lugar da edição, distribuição, etc. Lisboa
Nome do editor, distribuidor, etc. Verbo
Data da publicação, distribuição, etc. 1989
942 ## - Elementos de entrada adicionados (Koha)
Tipo de item no Koha Livro
Exemplares
Situação do levantamento Origin of item (home branch) (coded) Biblioteca de empréstimo Código de barras Cota Circulation type (not for loan) Tipo de documento Nota do exemplar Damaged status
  Biblioteca Escolar das Vendas Biblioteca Escolar das Vendas BEV1398 8EST CAP   Livro Sem mensagem